Englisch = Deutsch (Tiere) - Statistiken

Allgemein
  • Dieses Quiz wurde 397 mal gespielt
    380 seit der letzten Aktualisierung
  • Das Durchschnittsergebnis liegt bei 11 aus 20
Antwortstatistiken
Englisch Deutsch % Korrekt
bee Biene
100%
elephant Elefant
100%
fire salamander Feuersalamander
100%
giraffe Giraffe
100%
goldfish Goldfisch
100%
gorilla Gorilla
100%
cat Katze
100%
koala Koala
100%
crocodile Krokodil
100%
panda Panda
100%
pelican Pelikan
100%
sheep Schaf
100%
tortoise /turtle Schildkröte
100%
pig/ hog Schwein
100%
tiger Tiger
100%
wolf Wolf
100%
zebra Zebra
100%
swan Schwan
97%
monkey Affe
96%
alpaca Alpaka
96%
dolphin Delfin
96%
fish Fisch
96%
flamingo Flamingo
96%
hippo Flusspferd
96%
chicken / hen Huhn / Henne
96%
mouse Maus
96%
snake Schlange
96%
brown bear Braunbär
95%
duck Ente
95%
falcon Falke
95%
shark Hai
95%
jaguar Jaguar
95%
camel Kamel
95%
rabbit Kaninchen
95%
cow Kuh
95%
python Python
95%
spider Spinne
95%
bird Vogel
95%
dog Hund
94%
crab Krabbe / Krebs
94%
panther Panther
94%
butterfly Schmetterling
94%
worm Wurm
94%
bear Bär
93%
fly Fliege
93%
gazelle Gazelle
93%
piranha Piranha
93%
anaconda Anakonda
92%
owl Eule
92%
lemur Lemur
92%
horse Pferd
92%
seahorse Seepferdchen
92%
lion Löwe
91%
wasp Wespe
91%
goat Ziege
91%
hamster Hamster
90%
beetle/bug Käfer
90%
octopus Krake
90%
puma Puma
90%
rat Ratte
90%
viper Viper
90%
whale Wal
90%
weasel Wiesel
90%
bull Bulle / Stier
89%
frog Frosch
89%
grasshopper Grashüpfer
89%
raven Rabe
89%
yak Yak
89%
kangaroo Känguru
88%
kitten Kätzchen
88%
lamb Lamm
88%
oranguntan Orang - Utan
88%
pony Pony
88%
black bear Schwarzbär
88%
squirrel Eichhörnchen
87%
otter Fischotter
87%
poisonous snake Giftschlange
87%
llama Lama
87%
guinea pig Meerschweinchen
87%
penguin Pinguin
87%
salamander Salamander
87%
deer Hirsch / Reh
86%
scorpion Skorpion
86%
antelope Antilope
85%
polar bear Eisbär
85%
chimpanzee Schimpanse
85%
toucan Tukan
85%
bat Fledermaus
84%
hyena Hyäne
83%
seal Seehund / Robbe
83%
eagle Adler
82%
emu Emu
82%
mammoth Mammut
82%
swordfish Schwertfisch
82%
termite Termite
82%
fox Fuchs
81%
reindeer Rentier
81%
beaver Biber
80%
moose /elk Elch
80%
snowy owl Schneeeule
80%
constrictor snake Würgeschlange
80%
ant Ameise
79%
ocean turtle Meeresschildkröte
79%
parrot Papagei
79%
stork Storch
79%
gecko Gecko
78%
crow Krähe
78%
shell Muschel
78%
walrus Walross
78%
Ocelot Ozelot
76%
donkey Esel
75%
grizzly bear Grizzlybär
75%
hedgehog Igel
75%
poison dart frog Pfeilgiftfrosch
75%
jellyfish Qualle
75%
sea snake Seeschlange
75%
puppy Welpe
75%
chameleon Chamäleon
74%
sidewinder/rattlesnake Klapperschlange
74%
caterpillar Raupe
74%
snail Schnecke
74%
turkey Truthahn
73%
tuna Thunfisch
72%
lobster Hummer
71%
spider monkey Klammeraffe
71%
koi Koi - Karpfen
71%
blowfish Kugelfisch
71%
woodpecker Specht
71%
blindworm Blindschleiche
70%
goose Gans
70%
rooster/ cock Hahn
70%
tree frog Laubfrosch
70%
carp Karpfen
69%
ladybug Marienkäfer
68%
eel Aal
67%
oyster Auster
67%
flounder Flunder
67%
narwhal Narwal
67%
bumblebee Hummel
65%
salmon Lachs
65%
rhinoceros Nashorn
65%
squid Tintenfisch
65%
louse/ lice Laus
64%
pigeon Taube
64%
boa Boa
63%
racoon Waschbär
63%
hornet Hornisse
60%
peacock Pfau
60%
skunk Stinktier
60%
canary Kanarienvogel
59%
buzzard Bussard
58%
dachshund Dackel
58%
komodo dragon Komodorwaran
58%
prairie dog Präriehund
58%
earthworm Regenwurm
58%
red admiral Roter Admiral
58%
mole Maulwurf
57%
starling Star
57%
larva Larve
56%
tarantula Vogelspinne
56%
orb weaver spider Radnetzspinne
55%
sloth Faultier
54%
platypus Schnabeltier
53%
albatross Albatross
50%
bonobo Bonobo
50%
calf Kalb
50%
coral snake Korallenschlange
50%
cuckoo Kuckuck
50%
rainbow trout Regenbogenforelle
50%
starfish Seestern
50%
cheetah Gepard
48%
marabou Marabu
48%
anteater Ameisenbär
47%
horsefly Bremse
47%
lizard Eidechse
47%
mule Maultier
47%
silkworm Seidenraupe
47%
ostrich Strauß
47%
tapeworm Bandwurm
46%
piglet Ferkel
44%
ferret Frettchen
44%
armadillo Gürteltier
44%
Cardinal Kardinal
44%
dragonfly Libelle
43%
slug Nacktschnecke
43%
roach Schabe
43%
inchworm Zollwurm
43%
iguana Leguan
42%
moth Motte
42%
sawfish Sägefisch
42%
nymph Nymphe
40%
ibis Ibis
39%
bluethroat Blaukehlchen
38%
flea Floh
38%
hummingbird Kolibri
38%
foal Fohlen
37%
cockroach Kakerlake
37%
nightingale Nachtigall
37%
leech Blutegel
36%
hawk Habicht
36%
quokka Quokka
36%
badger Dachs
35%
shrimp Garnele
35%
vulture Geier
35%
tadpole Kaulquappe
35%
halibut Heilbutt
33%
lynx Luchs
33%
gull Möwe
33%
chipmunk Streifenhörnchen
33%
toad Kröte
32%
mackerel Makrele
32%
stingray Stachelrochen
32%
cicada Zikade
32%
blackbird Amsel
30%
sea urchin Meeresgurke / Seegurke
30%
chick Küken
29%
sparrow Spatz
29%
tropical fish Tropenfisch
29%
maggot Made
28%
ray Rochen
28%
spectacled bear Brillenbär
26%
dung beetle Mistkäfer
26%
robin Rotkehlchen
25%
millipede Tausendfüßler
25%
marten Marder
24%
common buzzard Mäusebussard
24%
bearded vulture Bartgeier
23%
pheasant Fasan
21%
manatee Seekuh
21%
sturgeon Stör
21%
grey heron Graureiher
20%
hare Feldhase
18%
marmot Murmeltier
18%
porcupine Stachelschwein
17%
aardvark Erdferkel
16%
ram Bock
15%
swallow Schwalbe
15%
duckling Entlein
14%
pike Hecht
14%
baboon Pavian
13%
catfish Wels
13%
trout Forelle
11%
bird of prey Raubvogel
11%
heron Reiher
11%
jackdaw Dohle
10%
scallop Kammmuschel
10%
anchovy Sardelle
10%
jay Eichelhäher
9%
mantis Gottesanbeterin
9%
earwig Ohrwurm
9%
meerkat Erdmännchen
8%
midge Mücke
8%
cattle Vieh
8%
tit Meise
7%
mink Nerz
7%
barbel Barbe
6%
finch Fink
6%
partridge Rebhuhn
6%
plaice Scholle
6%
ibex Steinbock
6%
perch Barsch
5%
saurian Echse
5%
locust Heuschrecke
5%
centipede Hundertfüßler
5%
cod Kabeljau
5%
pillbug Kellerassel
5%
jewel beetle Prachtkäfer
5%
parakeet Sittich
5%
harvestman Weberknecht
5%
magpie Elster
4%
copperhead Mokassinschlange
4%
round worm Spulwurm
4%
newt Wassermolch
4%
frogfish Anglerfisch
0%
white wagtail Bachstelze
0%
aphid Blattlaus
0%
chaffinch Buchfink
0%
kingfisher Eisvogel
0%
lionfish Feuerfisch
0%
crayfish Flusskrebs
0%
gudgeon Gründling
0%
polecat Iltis
0%
nuthatch Kleiber
0%
biddy Küken
0%
katydid Laubheuschrecke
0%
wrasse Lippfisch
0%
cockchafer Maikäfer
0%
swift Mauersegler
0%
mongoose Mungo
0%
colubrid Natter
0%
bullock Ochse
0%
haddock Shellfisch
0%
sparrow hawk Sperber
0%
gadfly Stechfliege
0%
mallard Stockente
0%
kestrel Turmfalke
0%
quail Wachtel
0%
migratory locust Wanderheuschrecke
0%
vole Wühlmaus
0%
gerbil Wüstenspringmaus
0%
wren Zaunkönig
0%
kid Zicklein
0%
Keine übereinstimmenden Quizze gefunden
Verteilung der Resultate
Anzahl Personen mit jedem Resultat
Perzentil nach korrekt beantworteten Fragen
Ihre Resultats-Entwicklung
Sie haben dieses Quiz seit der letzten Aktualisierung nicht gespielt